000 00801nam a2200193Ii 4500
003 JO-AjNU
008 230605s9999||||xx |||||||||||||| ||und||
040 _aJO-AjNU
_bara
_erda
_cJO-AjNU
041 _aara
050 1 4 _aPN56.R3.L3 1900
100 3 _aتاليف أ.لافريتسكي؛ ترجمة جميل نصيف؛ مراجعة حياة شرارة,
_eauthor
_952673
245 0 0 _aفي سبيل الواقعية بيلنيسكي وتشير نيشيفسكي ودوبرليوبوف
264 3 1 _aبيروت: عالم المعرفة، 1900
300 _a491ص
336 _atext
_btxt
_2rdacontent
337 _aunmediated
_bn
_2rdamedia
338 _avolume
_bnc
_2rdacarrier
650 4 _aالواقعية في الادب-الادب الروسي-تاريخ ونقد-الادباء الروس
_952674
999 _aA23347
_c26915
_d26915